Statistiques concernant Les 493 premiers Pokémon

Cliquez ici pour prendre le quiz!

Statistiques générales

  • Ce quiz a été pris 2 413 fois
  • Le résultat moyen est 351 sur 493

Statistiques - réponses

NuméroNom% Correct
#001Bulbizarre
97%
#004Salamèche
97%
#007Carapuce
96%
#009Tortank
96%
#008Carabaffe
95%
#006Dracaufeu
95%
#003Florizarre
95%
#002Herbizarre
95%
#005Reptincel
95%
#025Pikachu
94%
#010Chenipan
93%
#013Aspicot
92%
Mew
92%
#012Papilusion
92%
#026Raichu
92%
#016Roucool
92%
#017Roucoups
92%
#134Aquali
91%
#011Chrysacier
91%
#014Coconfort
91%
#148Draco
91%
#133Évoli
91%
#150Mewtwo
91%
#136Pyroli
91%
#018Roucarnage
91%
#146Sulfura
91%
#144Artikodin
90%
#015Dardargnan
90%
#149Dracolosse
90%
#126Magmar
90%
Mélo
90%
#147Minidraco
90%
#135Voltali
90%
#094Ectoplasma
89%
#145Électhor
89%
Héricendre
89%
Noctali
89%
#092Fantominus
88%
Kaiminus
88%
#129Magicarpe
88%
#036Mélodelfe
88%
#035Mélofée
88%
Mentali
88%
#095Onix
88%
#093Spectrum
88%
#125Élektek
87%
Germignon
87%
#075Gravalanch
87%
#076Grolem
87%
#130Léviator
87%
#021Piafabec
87%
#074Racaillou
87%
Typhlosion
87%
Aligatueur
86%
#059Arcanin
86%
Arcko
86%
#058Caninos
86%
Élekid
86%
Entei
86%
Feurisson
86%
Gobou
86%
Lugia
86%
#066Machoc
86%
#067Machopeur
86%
Magby
86%
Méganium
86%
Pichu
86%
#022Rapasdepic
86%
Suicune
86%
Tiplouf
86%
#023Abo
85%
#063Abra
85%
#065Alakazam
85%
#024Arbok
85%
Braségali
85%
Celebi
85%
#040Grodoudou
85%
Ho-Oh
85%
#140Kabuto
85%
#141Kabutops
85%
#064Kadabra
85%
#068Mackogneur
85%
#081Magnéti
85%
Poussifeu
85%
Raikou
85%
#019Rattata
85%
#039Rondoudou
85%
#143Ronflex
85%
Tortipouss
85%
#037Goupix
84%
Laggron
84%
Macronium
84%
#082Magnéton
84%
#043Mystherbe
84%
#034Nidoking
84%
#031Nidoqueen
84%
#029 | #032Nidoran
84%
#041Nosferapti
84%
Ouisticram
84%
Pingoléon
84%
#020Rattatac
84%
Steelix
84%
#139Amonistar
83%
Crocrodil
83%
#038Feunard
83%
Galifeu
83%
Groudon
83%
#123Insécateur
83%
Kyogre
83%
#113Leveinard
83%
Massko
83%
#030Nidorina
83%
#033Nidorino
83%
#042Nosferalto
83%
#044Ortide
83%
Prinplouf
83%
#142Ptéra
83%
Simiabraz
83%
Torterra
83%
#138Amonita
82%
Chimpenfeu
82%
Flobio
82%
Givrali
82%
Jungko
82%
#045Rafflesia
82%
Dialga
81%
Élekable
81%
#078Galopa
81%
Maganon
81%
#052Miaouss
81%
Palkia
81%
#077Ponyta
81%
Rayquaza
81%
#027Sabelette
81%
#028Sablaireau
81%
#109Smogo
81%
#110Smogogo
81%
Arceus
80%
Boskara
80%
#070Boustiflor
80%
#069Chétiflor
80%
Giratina
80%
#106Kicklee
80%
Nostenfer
80%
#053Persian
80%
#112Rhinoféros
80%
#128Tauros
80%
#107Tygnon
80%
#101Électrode
79%
#071Empiflor
79%
Étourmi
79%
#089Grotadmorv
79%
Jirachi
79%
Phyllali
79%
#060Ptitard
79%
Regice
79%
Registeel
79%
#111Rhinocorne
79%
#120Stari
79%
#121Staross
79%
#088Tadmorv
79%
#062Tartard
79%
#061Têtarte
79%
#100Voltorbe
79%
Étouraptor
78%
Étourvol
78%
#117Hypocéan
78%
Leuphorie
78%
#124Lippoutou
78%
#131Lokhlass
78%
#118Poissirène
78%
#137Porygon
78%
Regirock
78%
Darkrai
77%
Deoxys
77%
#116Hypotrempe
77%
#087Lamantine
77%
#122M. Mime
77%
#119Poissoroy
77%
Toudoudou
77%
Chenipotte
76%
Fouinar
76%
Fouinette
76%
Magnézone
76%
#086Otaria
76%
Regigigas
76%
#050Taupiqueur
76%
Cizayox
75%
Créfadet
75%
Cresselia
75%
Feuforêve
75%
Latias
75%
#132Métamorph
75%
#079Ramoloss
75%
#127Scarabrute
75%
Togepi
75%
#051Triopikeur
75%
Tyranocif
75%
#049Aéromite
74%
Armulys
74%
Créfollet
74%
Créhelf
74%
Draby
74%
Drattak
74%
Embrylex
74%
#108Excelangue
74%
#080Flagadoss
74%
Gardevoir
74%
Hoothoot
74%
Hyporoi
74%
Latios
74%
Lippouti
74%
#048Mimitoss
74%
Papinox
74%
#114Saquedeneu
74%
Shaymin
74%
Tarsal
74%
#072Tentacool
74%
#073Tentacruel
74%
Zigzaton
74%
#055Akwakwak
73%
Blindalys
73%
Heatran
73%
#097Hypnomade
73%
Kirlia
73%
Linéon
73%
Noarfang
73%
#104Osselait
73%
#054Psykokwak
73%
Ptiravi
73%
#096Soporifik
73%
Togetic
73%
Ymphect
73%
Charmillon
72%
#057Colossinge
72%
#056Férosinge
72%
Joliflor
72%
#115Kangourex
72%
#102Noeunoeuf
72%
#105Ossatueur
72%
Porygon2
72%
#083Canarticho
71%
Debugant
71%
Grahyèna
71%
Kapoera
71%
Keunotor
71%
Magirêve
71%
Manaphy
71%
Medhyèna
71%
#103Noadkoko
71%
Phione
71%
Porygon-Z
71%
Roigada
71%
Rosélia
71%
Roserade
71%
Togekiss
71%
Castorno
70%
Cornèbre
70%
Farfuret
70%
Gallame
70%
Goinfrex
70%
Hélédelle
70%
Lixy
70%
Luxio
70%
Luxray
70%
Simularbre
70%
Barpau
69%
#084Doduo
69%
#098Krabby
69%
Milobellus
69%
Mime Jr.
69%
Nirondelle
69%
#046Paras
69%
#047Parasect
69%
Pharamp
69%
Rhinastoc
69%
Rozbouton
69%
Carchacrok
68%
Corboss
68%
#091Crustabri
68%
Démolosse
68%
Dinoclier
68%
#085Dodrio
68%
Écrémeuh
68%
#090Kokiyas
68%
#099Krabboss
68%
Lainergie
68%
Skelénox
68%
Dimoret
67%
Drackhaus
67%
Malosse
67%
Métalosse
67%
Nénupiot
67%
Noctunoir
67%
Oniglali
67%
Scarhino
67%
Zarbi
67%
Airmure
66%
Bastiodon
66%
Bouldeneu
66%
Carmache
66%
Cochignon
66%
Dynavolt
66%
Galekid
66%
Grainipiot
66%
Griknot
66%
Lombre
66%
Lucario
66%
Ludicolo
66%
Marcacrin
66%
Métang
66%
Mimigal
66%
Négapi
66%
Posipi
66%
Riolu
66%
Stalgamin
66%
Tarpaud
66%
Tengalice
66%
Terhal
66%
Wailmer
66%
Wailord
66%
Wattouat
66%
Bekipan
65%
Charkos
65%
Élecsprint
65%
Galegon
65%
Galeking
65%
Goélise
65%
Kranidos
65%
Libégon
65%
Limagma
65%
Migalos
65%
Pifeuil
65%
Téraclope
65%
Armaldo
64%
Azumarill
64%
Camérupt
64%
Chamallot
64%
Charmina
64%
Coudlangue
64%
Lilia
64%
Marill
64%
Momartik
64%
Chartor
63%
Cheniti
63%
Kaimorse
63%
Lanturn
63%
Loupio
63%
Mammochon
63%
Obalie
63%
Parecool
63%
Scorplane
63%
Séviper
63%
Vacilys
63%
Volcaropod
63%
Anorith
62%
Azurill
62%
Cheniselle
62%
Coquiperl
62%
Kraknoix
62%
Mangriff
62%
Monaflèmit
62%
Mustébouée
62%
Phogleur
62%
Qulbutoké
62%
Tarinor
62%
Axoloto
61%
Capumain
61%
Coxy
61%
Démanta
61%
Hariyama
61%
Maraiste
61%
Mustéflott
61%
Scorvol
61%
Serpang
61%
Sharpedo
61%
Tropius
61%
Vibraninf
61%
Vigoroth
61%
Yanma
61%
Altaria
60%
Branette
60%
Coxyclaque
60%
Héliatronc
60%
Makuhita
60%
Manzaï
60%
Méditikka
60%
Polichombr
60%
Absol
59%
Apireine
59%
Apitrini
59%
Carvanha
59%
Eoko
59%
Octillery
59%
Pachirisu
59%
Papilord
59%
Rémoraid
59%
Rosabyss
59%
Solaroc
59%
Cerfrousse
58%
Cotovol
58%
Crikzik
58%
Lovdisc
58%
Mélokrik
58%
Motisma
58%
Natu
58%
Okéoké
58%
Séléroc
58%
Spiritomb
58%
Tarinorme
58%
Ténéfix
58%
Tylton
58%
Xatu
58%
Yanméga
58%
Chaffreux
57%
Chaglam
57%
Floravol
57%
Granivol
57%
Lumivole
57%
Relicanth
57%
Skitty
57%
Ursaring
57%
Babimanta
56%
Capidextre
56%
Chapignon
56%
Delcatty
56%
Munja
56%
Ninjask
56%
Teddiursa
56%
Tournegrin
56%
Balignon
55%
Blizzaroi
55%
Blizzi
55%
Brouhabam
55%
Cadoizo
55%
Chuchmur
55%
Foretress
55%
Girafarig
55%
Insolourdo
55%
Muciole
55%
Ningale
55%
Pomdepik
55%
Cacnea
54%
Cacturne
54%
Korillon
54%
Moufouette
54%
Phanpy
54%
Queulorior
54%
Ramboum
54%
Vortente
54%
Arakdo
53%
Archéodong
53%
Archéomire
53%
Baudrive
53%
Donphan
53%
Grodrive
53%
Hippodocus
53%
Hippopotas
53%
Moufflair
53%
Balbuto
52%
Barbicha
52%
Barloche
52%
Coatox
52%
Corayon
52%
Écrapince
52%
Luminéon
52%
Maskadra
52%
Mysdibule
52%
Avaltout
51%
Colhomard
51%
Cradopaud
51%
Écayon
51%
Gloupti
51%
Kaorine
51%
Kecleon
51%
Spinda
51%
Tritosor
51%
Caratroc
50%
Ceribou
50%
Ceriflor
50%
Drascore
50%
Qwilfish
50%
Rapion
50%
Sancoki
50%
Morphéo
49%
Pijako
49%
Groret
48%
Laporeille
48%
Spoink
48%
Granbull
47%
Lockpin
47%
Snubbull
45%

Distribution des résultats

Percentile par nombre de réponses

% des personnes avec chaque résultat

Votre développement - résultats

Vous n’avez pas pris ce quiz